Mathieu Marais et le Journal de Parisou « tout faiseur de journaux doit tribut au Malin » (notice n° 1654214)

détails MARC
000 -LEADER
fixed length control field 01455cam a2200157 4500500
005 - DATE AND TIME OF LATEST TRANSACTION
control field 20260208005858.0
041 ## - LANGUAGE CODE
Language code of text/sound track or separate title fre
042 ## - AUTHENTICATION CODE
Authentication code dc
100 10 - MAIN ENTRY--PERSONAL NAME
Personal name Granderoute, Robert
Relator term author
245 00 - TITLE STATEMENT
Title Mathieu Marais et le Journal de Parisou « tout faiseur de journaux doit tribut au Malin »
260 ## - PUBLICATION, DISTRIBUTION, ETC.
Date of publication, distribution, etc. 2006.<br/>
500 ## - GENERAL NOTE
General note 55
520 ## - SUMMARY, ETC.
Summary, etc. Source incomparable de faits et d’anecdotes, le Journal de Paris de M. Marais, qui couvre la Régence et le début du règne de Louis XV, est marqué par une forte tonalité satirique. Outre qu’il se rehausse de petites pièces mordantes qui courent alors les rues et prend ainsi en partie l’allure d’un « chansonnier historique », il s’ouvre à la veine satirique du journaliste qui n’épargne ni les grands, ni les représentants du pouvoir, ni les écrivains, notamment les Modernes, dont il se plaît à attaquer la personne sinon l’œuvre. Au service de cette satire, qui traduit le regard critique de l’observateur sur son temps et les bouleversements que celui-ci connaît, est employé un arsenal de procédés efficaces d’où se distingue le recours à la citation laquelle, par son choix et sa place, se révèle riche d’effet épigrammatique.
786 0# - DATA SOURCE ENTRY
Note Revue d'histoire littéraire de la France | 106 | 4 | 2006-10-01 | p. 811-826 | 0035-2411
856 41 - ELECTRONIC LOCATION AND ACCESS
Uniform Resource Identifier <a href="https://shs.cairn.info/revue-d-histoire-litteraire-de-la-france-2006-4-page-811?lang=fr&redirect-ssocas=7080">https://shs.cairn.info/revue-d-histoire-litteraire-de-la-france-2006-4-page-811?lang=fr&redirect-ssocas=7080</a>

Pas d'exemplaire disponible.

PLUDOC

PLUDOC est la plateforme unique et centralisée de gestion des bibliothèques physiques et numériques de Guinée administré par le CEDUST. Elle est la plus grande base de données de ressources documentaires pour les Étudiants, Enseignants chercheurs et Chercheurs de Guinée.

Adresse

627 919 101/664 919 101

25 boulevard du commerce
Kaloum, Conakry, Guinée

Réseaux sociaux

Powered by Netsen Group @ 2025